|
|
|
|
| LEADER |
01302nam a22003374a 4500 |
| 001 |
36230 |
| 003 |
BD-DhAAL |
| 005 |
20211130111133.0 |
| 008 |
190924t2005 deua b 001 0 eng d |
| 999 |
|
|
|c 41397
|d 41397
|
| 010 |
|
|
|a 2005006226
|
| 020 |
|
|
|a 0872075729
|
| 020 |
|
|
|a 9780872075726
|
| 040 |
|
|
|a DLC
|c DLC
|d DLC
|d BD-DhAAL
|
| 042 |
|
|
|a pcc
|
| 050 |
0 |
0 |
|a LB1573
|b .R2793 2005
|
| 082 |
0 |
0 |
|a 372.484
|2 22
|
| 245 |
0 |
0 |
|a Reading assessment :
|b principles and practices for elementary teachers /
|c Shelby J. Barrentine, Sandra M. Stokes, eds.
|
| 250 |
|
|
|a Second edition.
|
| 260 |
|
|
|a Newark, DE :
|b International Reading Association,
|c c2005.
|
| 300 |
|
|
|a vi, 322 pages :
|b illustrations ;
|c 26 cm.
|
| 504 |
|
|
|a Includes bibliographical references and index.
|
| 526 |
|
|
|a BIED
|
| 541 |
|
|
|a Complimentary copy from BIED
|e 36230
|
| 650 |
|
0 |
|a Reading (Elementary)
|9 35200
|
| 650 |
|
0 |
|a Reading
|x Ability testing.
|9 35201
|
| 700 |
1 |
|
|a Barrentine, Shelby J.
|9 35202
|
| 700 |
1 |
|
|a Stokes, Sandra M.
|9 35203
|
| 852 |
|
|
|a Ayesha Abed Library
|c BIED Collection
|
| 942 |
|
|
|2 ddc
|c BK
|
| 952 |
|
|
|0 0
|1 0
|2 ddc
|4 0
|6 372_484000000000000_REA
|7 0
|9 66495
|a BRACUL
|b BRACUL
|c GEN
|d 2019-09-24
|e Complimentary copy from BIED
|l 0
|o 372.484 REA
|p 3010036230
|r 2019-09-24
|t 1
|w 2019-09-24
|y BK
|x Transferred from BIED to General Stacks
|